The Politics (Record no. 10750)

MARC details
000 -LEADER
fixed length control field 00362nam a2200145Ia 4500
008 - FIXED-LENGTH DATA ELEMENTS--GENERAL INFORMATION
fixed length control field 191201s2011 xx 000 0 und d
082 ## - DEWEY DECIMAL CLASSIFICATION NUMBER
Classification number 320.1
Item number ELP
100 ## - MAIN ENTRY--PERSONAL NAME
Personal name ARISTOTLE (Tra. by ELLIS, A.M. William)
245 #0 - TITLE STATEMENT
Title The Politics
250 ## - EDITION STATEMENT
Edition statement Rep
260 ## - PUBLICATION, DISTRIBUTION, ETC. (IMPRINT)
Place of publication, distribution, etc New Delhi
Name of publisher, distributor, etc Fingerprint Classics
Date of publication, distribution, etc 2021
300 ## - PHYSICAL DESCRIPTION
Extent 303
650 ## - SUBJECT ADDED ENTRY--TOPICAL TERM
Topical term or geographic name as entry element BA GEN
942 ## - ADDED ENTRY ELEMENTS (KOHA)
Source of classification or shelving scheme Dewey Decimal Classification
Koha item type Text Books
Holdings
Withdrawn status Lost status Source of classification or shelving scheme Damaged status Not for loan Collection code Home library Current library Date acquired Source of acquisition Currency Cost, normal purchase price Bill Number Total Checkouts Full call number Acc. no. / Barcode Date last seen Actual Cost, discounted price Bill Date Koha item type Date last borrowed
    Dewey Decimal Classification     BA(GEN) PIET NCR College Library PIET NCR College Library 15/07/2021 Kirti Prakashan IN Rupees 199.00 IN2262   320.1 ELP N1234 03/08/2021 159.20 15/07/2021 Reference Books  
    Dewey Decimal Classification     BA(GEN) PIET NCR College Library PIET NCR College Library 15/07/2021 Kirti Prakashan IN Rupees 199.00 IN2262 1 320.1 ELP N1235 25/10/2021 159.20 15/07/2021 Text Books 01/09/2021
    Dewey Decimal Classification     BA(GEN) PIET NCR College Library PIET NCR College Library 15/07/2021 Kirti Prakashan IN Rupees 199.00 IN2262   320.1 ELP N1236 03/08/2021 159.20 15/07/2021 Text Books  
    Dewey Decimal Classification     BA(GEN) PIET NCR College Library PIET NCR College Library 15/07/2021 Kirti Prakashan IN Rupees 199.00 IN2262   320.1 ELP N1237 03/08/2021 159.20 15/07/2021 Text Books  
    Dewey Decimal Classification     BA(GEN) PIET NCR College Library PIET NCR College Library 15/07/2021 Kirti Prakashan IN Rupees 199.00 IN2262   320.1 ELP N1238 03/08/2021 159.20 15/07/2021 Text Books  

Design & Developed by: PIET Central Library
R70 Miles Stone Pattikalyana Samalkha Panipat 132102
mail ID :- [email protected], Phone No:- 0180-2569700 Ex.216